Statistiche per Correnti artistiche

Clicka qui per fare il quiz!

Statistiche generali

  • Questo quiz è stato fatto 164 volte
    (154 dall'ultimo reset)
  • Il punteggio medio è 18 su 40

Statistiche sulle risposte

PeriodoAreaArtistiCorrente% Corretto
1874-1900 caFranciaClaude Monet, Pierre-Auguste Renoir, Edgar DegasImpressionismo
94%
1907-1921FranciaPablo Picasso, Georges Braque, Juan GrisCubismo
89%
1840-1870 caFranciaGustave Courbet, Honoré Daumier,Jean-Francois MilletRealismo
83%
1909-1939ItaliaUmberto Boccioni, Giacomo Balla, Gino SeveriniFuturismo
81%
XVI sec.Italia e poi resto d'EuropaRaffaello Sanzio, Michelangelo Merisi, Sandro BotticelliRinascimento
79%
1770-1848 caGermania e poi resto d'EuropaFrancesco Hayez, Caspar David Friedrich, William Turner, Eugène DelacroixRomanticismo
76%
1750-1830 caEuropaAntonio Canova, Jacques-Louis David, Johann WinckelmannNeoclassicismo
75%
1600-1750 caItalia e poi resto d'EuropaGian Lorenzo Bernini, Francesco Borromini, Jan VermeerBarocco
73%
1905-1910FranciaHenri Matisse, Andrè Derain, Henri ManguinEspressionismo francese (Fauves)
72%
1905-1920 caGermaniaErnst Kirchner, Edvard Munch, Oskar KokoschkaEspressionismo tedesco (Die Brucke)
70%
1910-1945 caGermaniaVasilij Kandinskij, Paul Klee, Robert DelauneyAstrattismo
68%
1880-1905 casFrancia, ItaliaGeorges Séurat, Paul Signac, Pellizza da Volpedo,Neoimpressionismo
67%
XII-XIV sec.EuropaCimabue, Giotto, Duccio di BuonisegnaGotico
66%
1924-1966FranciaSalvador Dalì, Joan Mirò, André BretonSurrealismo
64%
1916-1920Svizzera, Germania, FranciaTristan Tzara, Hans Arp, Marcel DuchampDadaismo
57%
1950-1960Europa, Stati UnitiAndy Warhol, Roy Lichtenstein, Jasper JohnsPop Art
54%
1890-1910EuropaAntoni Gaudì, Michail Ejzenstejn, Victor HortaArt Nouveau
50%
1880-1900 caFranciaVincent van Gogh, Paul Cézanne, Paul GauguinPostimpressionismo
50%
X-XII sec.Europa occidentaleWiligelmo. NIcholaus, Benedetto AntelamiRomanico
48%
1700-1750FranciaGermain Boffrand, Jean-Antoine Watteau, Francois BoucherRococò
44%
1856-1875ItaliaGiovanni Fattori, Telemaco Signorini, Silvestro LegaMacchiaioli
41%
XV sec.Italia e poi resto d'EuropaLeon Battista Alberti, Filippo Brunelleschi, Leonardo da VinciUmanesimo
40%
1700-1800 caItaliaCanaletto, Gaspar van Wittel, Bernardo BellottoVedutismo
39%
1590-1700 caPaesi BassiRembrandt, Frans Hals,Pieter de HoochPittura olandese del Secolo d'oro
34%
1520-1580 caItalia e poi resto d'EuropaParmigianino, Bronzino, Perin del VagaManierismo
33%
1580-1610 caItalia e poi resto d'EuropaCaravaggio, Il Cigoli, Annibali CarracciNaturalismo moderno
27%
1896-1918AustriaGustav Klimt, Joseph Olbrich,Egon SchieleSecessione viennese
25%
1860-1905 caFranciaGustave Moreau, Odilon Redon, Puvis de ChavannesSimbolismo
23%
1848-1880Gran BretagnaJohn Millais, Dante Gabriel Rossetti, Wiliam HuntPreraffaellismo
19%
1926-1945ItaliaLuigi Figini, Gino Pollini, Giuseppe TerragniRazionalismo italiano
15%
1946-oggiArgentina, ItaliaLucio Fontana, Roberto Crippa, Gianni DovaSpazialismo
15%
1913-1934Russia e poi resto del mondoIvan Leonidov, Max Bill, Estuardo MaldonadoCostruttivismo
14%
1912-1935 caItaliaGiorgio de Chirico, Carlo Carrà, Alberto SavinioPittura metafisica
14%
1917-1931Paesi BassiPiet Mondrian, Theo van Doesburg, Gerrit RietveldNeoplasticismo
13%
1960-oggiStati Uniti e poi resto del mondoJoseph Kosuth, Emilio Isgrò, Piero ManzoniArte concettuale
11%
1898-1933GermaniaArnold Bocklin, Max Liebermann, Paul CassirerSecessione berlinese
11%
1913-1935 caRussiaKazimir Malevic, Vladimir Tatlin, Michail LarionovSuprematismo
11%
1919-1940Europa, Stati UnitiWilliam van Alen, Jean Dunand, CassandreArt Deco
9%
1892-1940GermaniaFranz von Stuck, Bruno Piglhein, Paul HoeckerSecessione monacese
9%
1545-1600 caItalia e poi altri paesi cattoliciIl Cerano, Morazzone, Tanzio da VaralloArte della Controriforma
6%

Distribuzione punteggi

Percentile per numero di risposta

Percentuale di utenti per punteggio

I tuoi punteggi nel tempo

Non hai fatto questo quiz dall'ultimo reset